000 00362nam a22001097a 4500
999 _c6964
_d6964
008 200408b ||||| |||| 00| 0 eng d
245 _aMonetary Policy Staetment:
_bThe Middle Review/
_cGovernor of Tanzania.-
_hEnglish.
260 _aDar Es Salaam:
_bBank of Tanzania,
_c2010.
300 _axiv, 48p;
_bTables,
_c21cm.-
650 _2MONETARY POLICY
942 _2ddc
_cBOOKS